00784nam a2200205Ia 4500003000900000008004100009020001800050040001600068080001900084100002700103245014200130260003600272300001000308650003100318650003900349700003200388942000700420999001700427952013400444IN-BaIIA211028s9999 xx 000 0 eng d a81-88689-79-3 cIIA Library a530.145bATK-2 aAtkinson, David930997 0aQuantum field theorybvol. 2, a self-contained coursecDavid Atkinson and Porter Wear Johnson  aNew DelhibOverseas Pressc2007 a207p. aQuantum field theory96197 aQuantum mechanics-Exercises930998 aJohnson, Porter Wear930999 cBK c16633d16633 00104070aBANbBANcGENd2007-09-14eEDS g223.75l0o530.145/ ATK-2p17555r2021-11-05v223.75w2007-09-14yBKGRs. 223.75